|
|
|
|
| LEADER |
00000cam a2200000 a 4500 |
| 001 |
4338 |
| 003 |
Ucuenca |
| 005 |
20230308155107.0 |
| 008 |
000000| sp ||||||||r|||||||||||spa|| |
| 040 |
|
|
|b spa
|
| 041 |
0 |
|
|a spa
|
| 082 |
0 |
|
|a 943
|
| 100 |
1 |
|
|a Dillo, J.
|9 9407
|
| 245 |
|
|
|a Historia íntima de la diplomacia alemana
|c J. Dillon
|h imp
|n tomo 4
|
| 264 |
|
|
|a Barcelona
|b Toribio Taberner Editor
|c s.f.
|
| 300 |
|
|
|a 212 páginas:
|c 18 cm
|
| 650 |
|
|
|a Diplomacia alemana
|9 9408
|
| 852 |
|
|
|a UC-CDJBV
|f Compra
|l 1
|m Limitada
|p 00000000
|q 4,00
|t 4338
|b 1
|d CDRC
|e CDRC
|g 943 ESTANTERIA CERRADA
|z 0000-00-00
|
| 942 |
|
|
|c BK
|
| 999 |
|
|
|c 4413
|d 4413
|